| 000 | 00507nam a2200169Ia 4500 | ||
|---|---|---|---|
| 999 |
_c26839 _d26839 |
||
| 003 | OSt | ||
| 005 | 20201217153512.0 | ||
| 008 | 190216s9999||||xx |||||||||||||| ||und|| | ||
| 040 | _coclc | ||
| 082 |
_a894.812 _bVEL/A |
||
| 100 |
_aVelayudhanpillai, P V _97229 |
||
| 245 | 0 |
_aAswasthathayude Nirabhethangal / _cP V Velayudhanpillai |
|
| 260 |
_bPoorna Publications, _aKozhikode: _c1991. |
||
| 300 | _a121p | ||
| 650 | _aLekhanam | ||
| 942 |
_cBK _2ddc _h894.812 _iVEL/A _k894.812 _mVEL/A |
||